Kim cổ kỳ quan

Mộng Bình Sơn tên thật là Phan Hồng Trung. Chuẩn tác giả chọn: Phan Hồng Trung thay cho Mộng Bình Sơn

Shranjeno v:
Bibliografske podrobnosti
Glavni avtor: Phan, Hồng Trung
Format: Knjiga
Jezik:Undetermined
Izdano: Thành phố Hồ Chí Minh Thành phố Hồ Chí Minh 1997
Teme:
Oznake: Označite
Brez oznak, prvi označite!
Thư viện lưu trữ: Trung tâm Học liệu Trường Đại học Cần Thơ
LEADER 00683nam a2200193Ia 4500
001 CTU_17124
008 210402s9999 xx 000 0 und d
082 |a 895.13 
082 |b Tr513/T.2 
100 |a Phan, Hồng Trung 
245 0 |a Kim cổ kỳ quan 
245 0 |c Phan Hồng Trung 
260 |a Thành phố Hồ Chí Minh 
260 |b Thành phố Hồ Chí Minh 
260 |c 1997 
520 |a Mộng Bình Sơn tên thật là Phan Hồng Trung. Chuẩn tác giả chọn: Phan Hồng Trung thay cho Mộng Bình Sơn 
650 |a Chinese fiction 
904 |i Trong Hieu 
980 |a Trung tâm Học liệu Trường Đại học Cần Thơ